| 000 | 00657nam a2200217 a 4500 | ||
|---|---|---|---|
| 001 | 12726 | ||
| 003 | CO-ViMGA | ||
| 008 | 141112s2004 ck r 000 u spa d | ||
| 020 | _a9582100702 | ||
| 040 |
_aCO-ViMGA _bspa _cCO-ViMGA |
||
| 082 | 0 | 4 | _a498 B17e |
| 100 | 1 |
_aBarnes, Janet _918384 |
|
| 245 | 1 | 0 |
_aEstudios Comparativos : _bPrototucano |
| 250 | _a1 | ||
| 260 |
_aSantafé de Bogotá : _bAlberto Lleras Camargo, _c1992 |
||
| 300 | _a91p. | ||
| 590 | _aForma de adquisición : DONACION - - Proveedor : BANCO DE LA REPUBLICA | ||
| 650 | 1 | 4 |
_aLENGUAS - INDIGENAS - COLOMBIA _914388 |
| 650 | 1 | 4 |
_aTUCANO - GRAMATICA COMPARADA _918385 |
| 942 |
_2ddc _cBK |
||
| 999 |
_c23671 _d23671 |
||